[Event "International Championship of Central Serbia 2015 - OPEN A"]
[Site "Paracin"]
[Date "2015.07.10"]
[Round "9.1"]
[White "Damljanovic, Branko"]
[Black "Banusz, Tamas"]
[Result "1/2-1/2"]
[WhiteElo "2565"]
[BlackElo "2582"]
[PlyCount "92"]
[EventDate "2015.07.03"]

1. Nf3 d5 2. g3 c6 3. Bg2 Bg4 4. d3 Nd7 5. O-O Ngf6 6. Nbd2 e5 7. e4 dxe4 8.
dxe4 Bc5 9. h3 Bh5 10. Qe1 O-O 11. Nb3 Bb6 12. Nfd2 a5 13. a4 Nc5 14. Nxc5 Bxc5
15. Nc4 Qc7 16. Bd2 b6 17. Bc3 Rfe8 18. Kh2 Nd7 19. f3 f6 20. Qe2 Rad8 21. Rfd1
Bf7 22. Be1 Nf8 23. c3 Rxd1 24. Rxd1 Rd8 25. Ra1 Ne6 26. h4 Bf8 27. Bf1 Nc5 28.
Qc2 Ne6 29. Kg2 h5 30. Bf2 Bc5 31. Ne3 Nf8 32. Rd1 Rxd1 33. Qxd1 Qd7 34. Qc2
Ne6 35. Nc4 Qc7 36. Qb3 Kf8 37. Bxc5+ Nxc5 38. Qxb6 Qxb6 39. Nxb6 Bb3 40. Bc4
Bd1 41. Ba2 Nxa4 42. Nc4 Be2 43. Nxa5 Nxb2 44. Nxc6 Nd1 45. Nd8 Nxc3 46. Bb3
Ke7 1/2-1/2

[Event "International Championship of Central Serbia 2015 - OPEN A"]
[Site "Paracin"]
[Date "2015.07.10"]
[Round "9.2"]
[White "Savic, Miodrag R"]
[Black "Sedlak, Nikola"]
[Result "1/2-1/2"]
[WhiteElo "2505"]
[BlackElo "2537"]
[PlyCount "116"]
[EventDate "2015.07.03"]

1. e4 e6 2. d4 d5 3. Nd2 c5 4. dxc5 Bxc5 5. Bd3 Nc6 6. Ngf3 Nge7 7. O-O O-O 8.
Nb3 Bb6 9. Qe2 Ng6 10. c3 Qc7 11. exd5 exd5 12. Bxg6 hxg6 13. Be3 Bg4 14. h3
Bxe3 15. Qxe3 Rfe8 16. Qd3 Bxf3 17. Qxf3 Qe5 18. Rfd1 Qe2 19. Qxe2 Rxe2 20.
Rab1 Rd8 21. Kf1 Re7 22. Rd2 Ne5 23. Re2 Kf8 24. Nd4 Nc6 25. Rd2 Red7 26. Rbd1
Ne5 27. b3 a6 28. Ne2 Nc6 29. Nf4 Ne7 30. h4 b5 31. g3 Rd6 32. Rd3 Ke8 33. Ke2
R8d7 34. R1d2 Rc7 35. Kd1 Rc5 36. Re3 Kd8 37. Ne2 Rc7 38. Red3 Kc8 39. Kc1 Rcd7
40. Kb2 Kc7 41. Nf4 Rd8 42. Rd4 R8d7 43. R4d3 Kc6 44. Ne2 Kc7 45. Nd4 Nc6 46.
Nc2 Rd8 47. Rf3 R8d7 48. Re3 Rd8 49. Red3 Ne5 50. Re3 Nc6 51. a3 a5 52. Nd4
Nxd4 53. Rxd4 R8d7 54. Re2 Kb6 55. a4 bxa4 56. Rxa4 d4 57. cxd4 Rxd4 58. Rxd4
Rxd4 1/2-1/2

[Event "International Championship of Central Serbia 2015 - OPEN A"]
[Site "Paracin"]
[Date "2015.07.10"]
[Round "9.3"]
[White "Kosic, Dragan"]
[Black "Atalik, Suat"]
[Result "1/2-1/2"]
[WhiteElo "2487"]
[BlackElo "2564"]
[PlyCount "140"]
[EventDate "2015.07.03"]

1. d4 g6 2. e4 Bg7 3. Nc3 d6 4. Be3 a6 5. Qd2 Nd7 6. Nf3 b5 7. a4 b4 8. Ne2 Rb8
9. Ng3 c5 10. Bd3 h5 11. h3 cxd4 12. Bxd4 Bh6 13. Be3 Bxe3 14. Qxe3 Qc7 15. O-O
Qc5 16. Qd2 Ngf6 17. Rfe1 Ne5 18. Nxe5 dxe5 19. b3 Rb6 20. Nf1 a5 21. Bb5+ Kf8
22. Qe3 Qxe3 23. Nxe3 Be6 24. Nc4 Bxc4 25. bxc4 Rb7 26. c5 Rc7 27. c6 Kg7 28.
c3 b3 29. Rab1 Rb8 30. c4 Nh7 31. Red1 Nf8 32. Rd5 f6 33. Rxb3 Rxc6 34. Bxc6
Rxb3 35. Rxa5 Rb1+ 36. Kh2 Ne6 37. Ra7 Kf8 38. a5 h4 39. a6 Ra1 40. Bd5 Nc5 41.
Ra8+ Kg7 42. a7 e6 43. Rc8 Rxa7 44. Rxc5 exd5 45. exd5 Kf7 46. f3 f5 47. Rc6
Ra1 48. Rc7+ Kf6 49. d6 Rd1 50. c5 Ke6 51. Rg7 Kd5 52. Rxg6 Kxc5 53. Rf6 f4 54.
Re6 Rd5 55. d7 Kd4 56. Re7 Rd6 57. Kg1 Kd5 58. Kf2 Kd4 59. Ke2 Rd5 60. Kf2 Rd6
61. Rh7 Kd5 62. Re7 Kd4 63. Rh7 Kd5 64. Rxh4 Rxd7 65. Rh6 Ra7 66. Kg1 e4 67.
fxe4+ Kxe4 68. Rf6 Ra3 69. Kh2 Rg3 70. Rf8 Ke5 1/2-1/2

[Event "International Championship of Central Serbia 2015 - OPEN A"]
[Site "Paracin"]
[Date "2015.07.10"]
[Round "9.4"]
[White "Radovanovic, Nikola"]
[Black "Djukic, Nikola"]
[Result "0-1"]
[WhiteElo "2420"]
[BlackElo "2543"]
[PlyCount "128"]
[EventDate "2015.07.03"]

1. d4 Nf6 2. c4 g6 3. Nc3 Bg7 4. e4 d6 5. Be2 O-O 6. Nf3 e5 7. O-O Nc6 8. d5
Ne7 9. Kh1 Kh8 10. Ng1 Nd7 11. g4 f5 12. f3 a5 13. Be3 Nc5 14. b3 Ng8 15. Qe1
Bh6 16. Bxh6 Nxh6 17. Qg3 Bd7 18. Nh3 Qe7 19. Rg1 Rg8 20. Raf1 Nf7 21. Qe1 f4
22. Nf2 h5 23. gxh5 g5 24. Ng4 Rg7 25. Nd1 Rh7 26. Ndf2 Rxh5 27. Qc3 Kg7 28.
Nd3 Nxd3 29. Bxd3 b6 30. Rf2 Rah8 31. Bf1 Qd8 32. a3 Qg8 33. b4 axb4 34. axb4
Qh7 35. Qc2 Rh4 36. c5 bxc5 37. bxc5 Bxg4 38. Rxg4 Rxg4 39. fxg4 dxc5 40. Be2
Qh4 41. Bf3 c4 42. Kg1 Qh6 43. Qxc4 Qb6 44. Qc2 Nd6 45. Kg2 Nb5 46. Qb2 Nd4 47.
Qa3 Qd6 48. Qa7 Nb5 49. Qa5 Nd4 50. Qa7 Re8 51. Rb2 Re7 52. Rb8 Rf7 53. Rb7 Nc2
54. Rb8 Ne3+ 55. Kg1 Nc4 56. Rb3 Nd2 57. Rd3 Qb4 58. Kg2 Nb3 59. Qf2 Nd4 60. h4
Rf8 61. hxg5 Ra8 62. g6 Qc4 63. Qh4 Qc2+ 64. Kh3 Rh8 0-1

[Event "International Championship of Central Serbia 2015 - OPEN A"]
[Site "Paracin"]
[Date "2015.07.10"]
[Round "9.5"]
[White "Kadric, Denis"]
[Black "Radlovacki, Jovan"]
[Result "1-0"]
[WhiteElo "2511"]
[BlackElo "2393"]
[PlyCount "41"]
[EventDate "2015.07.03"]

1. e4 c6 2. d4 d5 3. e5 Bf5 4. h4 h5 5. c4 e6 6. Nc3 Ne7 7. Nge2 dxc4 8. Ng3 b5
9. Bg5 Qa5 10. a4 b4 11. Nce4 Bxe4 12. Nxe4 Nf5 13. Bxc4 b3+ 14. Kf1 Nd7 15.
Rh3 Qb4 16. Rc1 Qxa4 17. Bxb3 Qb5+ 18. Kg1 Nb6 19. Nc3 Qb4 20. d5 cxd5 21. Bxd5
1-0

[Event "International Championship of Central Serbia 2015 - OPEN A"]
[Site "Paracin"]
[Date "2015.07.10"]
[Round "9.6"]
[White "Cvetkovic, Srdjan"]
[Black "Fernandez, Daniel Howard"]
[Result "0-1"]
[WhiteElo "2301"]
[BlackElo "2472"]
[PlyCount "152"]
[EventDate "2015.07.03"]

1. c4 b6 2. Nc3 Bb7 3. e4 e6 4. d3 f5 5. exf5 exf5 6. Nf3 Qe7+ 7. Be2 Bxf3 8.
gxf3 Qh4 9. Nb5 Kd8 10. f4 a6 11. Nd4 Nc6 12. Nxc6+ dxc6 13. Bf3 Bb4+ 14. Bd2
Bxd2+ 15. Qxd2 Kd7 16. O-O-O Nf6 17. Rhe1 Rae8 18. Re5 Rxe5 19. fxe5 Ng4 20.
e6+ Kxe6 21. Qe2+ Kd7 22. Re1 Kd8 23. Kb1 Nxf2 24. Bxc6 Kc8 25. Qe6+ Kb8 26.
Qxf5 Nxd3 27. Rf1 Qd4 28. Qf8+ Ka7 29. Qa3 Nb4 30. Bg2 Rf8 31. Rc1 Rf2 32. Qxb4
Rxg2 33. h3 Rg1 34. Rxg1 Qxg1+ 35. Kc2 Qh2+ 36. Kb1 Qxh3 37. a4 Qd3+ 38. Ka1 h5
39. a5 bxa5 40. Qc5+ Kb7 41. Qxh5 Qf1+ 42. Ka2 Qxc4+ 43. Kb1 Qe4+ 44. Ka2 Kc6
45. Qh8 Qd5+ 46. Ka1 g5 47. Qa8+ Kc5 48. Qa7+ Kd6 49. Qxa6+ c6 50. Qa8 Ke5 51.
Qh8+ Kf5 52. Qf8+ Ke4 53. Qg7 Kf3 54. Qc3+ Kg4 55. Qe3 a4 56. Qe2+ Kf5 57. Qf2+
Kg6 58. Qc2+ Kh5 59. Qh2+ Kg4 60. Qg1+ Kh3 61. Qe3+ Kh2 62. Qe2+ Qg2 63. Qe5+
Kh1 64. Qh8+ Qh2 65. Qf6 g4 66. Qxc6+ Qg2 67. Qxa4 g3 68. Ka2 Qd5+ 69. Ka3 Qd6+
70. Ka2 Qe6+ 71. Kb1 g2 72. Qh4+ Kg1 73. Qd4+ Kf1 74. Qf4+ Ke2 75. Qh2 Qf5+ 76.
Ka2 Kf1 0-1

[Event "International Championship of Central Serbia 2015 - OPEN A"]
[Site "Paracin"]
[Date "2015.07.10"]
[Round "9.7"]
[White "Filev, Georgi"]
[Black "Narayanan, Srinath"]
[Result "0-1"]
[WhiteElo "2344"]
[BlackElo "2464"]
[PlyCount "165"]
[EventDate "2015.07.03"]

1. e4 e5 2. Nf3 Nc6 3. Nc3 Nf6 4. Bb5 Nd4 5. Nxd4 exd4 6. e5 dxc3 7. exf6 Qxf6
8. dxc3 Be7 9. O-O O-O 10. Be3 d5 11. Qh5 Qf5 12. Qxf5 Bxf5 13. Bd3 Be6 14.
Rfe1 c5 15. Rad1 Rac8 16. Be2 Rfd8 17. Bf3 Bf6 18. Bf4 b6 19. a3 g5 20. Be5 Kg7
21. h3 Rd7 22. Rd2 Rcd8 23. Bxf6+ Kxf6 24. Red1 d4 25. cxd4 Rxd4 26. Rxd4 Rxd4
27. c3 Rxd1+ 28. Bxd1 Ke5 29. Kf1 Bc4+ 30. Ke1 Bd5 31. Kf1 f5 32. g3 f4 33. Bc2
h5 34. h4 gxh4 35. gxh4 Be4 36. Bb3 Kf5 37. Bd1 f3 38. Kg1 Kg4 39. Kh2 Kxh4 40.
Ba4 Kg4 41. Bd7+ Bf5 42. Bc6 Kf4 43. Bd5 h4 44. Bc6 Bg4 45. Bb7 Ke5 46. Bc6 Kd6
47. Bb7 a5 48. Be4 Ke5 49. Bc6 Kf4 50. Bd5 Bf5 51. Bc6 Be4 52. Be8 Bd3 53. Kh3
Kg5 54. Bc6 Bf1+ 55. Kh2 Kf4 56. Bd5 b5 57. Bc6 b4 58. axb4 cxb4 59. cxb4 axb4
60. Bd5 Bd3 61. Kh3 Be4 62. Bf7 Kg5 63. Bc4 Bf5+ 64. Kh2 Kf4 65. Bd5 Bg4 66.
Bb3 Ke5 67. Bc2 Kd4 68. Kg1 Be6 69. Kh2 Bd5 70. Kh3 Be4 71. Ba4 Kd3 72. Kxh4
Kd2 73. Kg3 Kc1 74. Kf4 Bb7 75. b3 Kd2 76. Bb5 Bd5 77. Ba4 Kc3 78. Ke3 Bxb3 79.
Bc6 Bd1 80. Be4 b3 81. Bd5 b2 82. Ba2 Kc2 83. Kd4 0-1

[Event "International Championship of Central Serbia 2015 - OPEN A"]
[Site "Paracin"]
[Date "2015.07.10"]
[Round "9.8"]
[White "Kozhuharov, Spas"]
[Black "Zivkovic, Ivan B"]
[Result "1/2-1/2"]
[WhiteElo "2460"]
[BlackElo "2347"]
[PlyCount "109"]
[EventDate "2015.07.03"]

1. e4 c5 2. Nf3 g6 3. d4 cxd4 4. Nxd4 Nc6 5. c4 Nf6 6. Nc3 d6 7. f3 Nxd4 8.
Qxd4 Bg7 9. Be3 O-O 10. Qd2 a5 11. Na4 Nd7 12. Be2 Qc7 13. O-O Nc5 14. Nc3 Be6
15. b3 Rfc8 16. Rab1 Qd8 17. Rfd1 h5 18. Nb5 Kh7 19. Nd4 Bd7 20. Bf1 Qf8 21.
Qe1 Bf6 22. g3 Rd8 23. Bg2 Bc6 24. e5 Bg7 25. Nxc6 bxc6 26. f4 Ra6 27. Qf2 Nd7
28. Rd3 c5 29. Rbd1 Re8 30. Be4 f5 31. Bb7 Rb6 32. Qg2 Nb8 33. exd6 exd6 34.
Bd2 Re7 35. Bf3 Ra6 36. h3 Bd4+ 37. Kf1 Nd7 38. g4 Qh6 39. Re1 Rxe1+ 40. Kxe1
Ra7 41. Kd1 a4 42. b4 Nb6 43. Qe2 Qg7 44. gxh5 Nxc4 45. hxg6+ Kh6 46. Bc1 Qxg6
47. Kc2 Qf6 48. Rd1 Qf7 49. Kb1 a3 50. Qg2 Ra4 51. Qg5+ Kh7 52. Qh4+ Kg7 53.
Qg5+ Kh7 54. Qh4+ Kg7 55. Qg5+ 1/2-1/2

[Event "International Championship of Central Serbia 2015 - OPEN A"]
[Site "Paracin"]
[Date "2015.07.10"]
[Round "9.9"]
[White "Marholev, Dimitar"]
[Black "Lajthajm, Borko"]
[Result "1-0"]
[WhiteElo "2317"]
[BlackElo "2443"]
[PlyCount "61"]
[EventDate "2015.07.03"]

1. Nf3 Nf6 2. c4 d6 3. d4 g6 4. Nc3 Bg7 5. e4 O-O 6. h3 Na6 7. Be3 c5 8. g3
cxd4 9. Nxd4 Be6 10. Rc1 Nc5 11. Nxe6 Nxe6 12. Bg2 Nd7 13. Qd2 a5 14. O-O Nec5
15. b3 Ra6 16. f4 Re8 17. Nb5 Qc8 18. Rfd1 Nf6 19. Qc2 Nfd7 20. Kh2 Nb8 21. Qf2
Ncd7 22. Nc3 Nc6 23. Nd5 Nb4 24. a3 Nxd5 25. cxd5 Qb8 26. Bf1 Ra8 27. Bb5 Rd8
28. Rc4 Nc5 29. Bxc5 dxc5 30. Qxc5 e5 31. d6 1-0

[Event "International Championship of Central Serbia 2015 - OPEN A"]
[Site "Paracin"]
[Date "2015.07.10"]
[Round "9.10"]
[White "Abramovic, Bosko"]
[Black "Tselkovskiy, Kirill"]
[Result "1-0"]
[WhiteElo "2431"]
[BlackElo "2137"]
[PlyCount "69"]
[EventDate "2015.07.03"]

1. Nf3 g6 2. g3 c5 3. Bg2 Bg7 4. O-O Nc6 5. c3 e5 6. e4 Nge7 7. d3 O-O 8. a3 d5
9. b4 dxe4 10. dxe4 Be6 11. Be3 cxb4 12. axb4 Bc4 13. Re1 Qxd1 14. Rxd1 a5 15.
bxa5 Nxa5 16. Nbd2 Be2 17. Re1 Bd3 18. Bc5 Nac6 19. Bf1 Bxf1 20. Kxf1 f6 21.
Rxa8 Rxa8 22. Rb1 Rb8 23. Bd6 Rd8 24. Bxe7 Nxe7 25. Rxb7 Kf7 26. Ke2 Ke8 27.
Nc4 Rd7 28. Rb8+ Kf7 29. Nfd2 Bh6 30. Nb3 Rc7 31. Nd6+ Ke6 32. Nb5 Rc8 33. Rb6+
Rc6 34. Nc5+ Kf7 35. Nd6+ 1-0

[Event "International Championship of Central Serbia 2015 - OPEN A"]
[Site "Paracin"]
[Date "2015.07.10"]
[Round "9.11"]
[White "Nestorovic, Nikola"]
[Black "Somborski, Nebojsa"]
[Result "1-0"]
[WhiteElo "2452"]
[BlackElo "2325"]
[PlyCount "101"]
[EventDate "2015.07.03"]

1. e4 e5 2. Nf3 Nc6 3. Bb5 a6 4. Ba4 Nf6 5. O-O Be7 6. d3 b5 7. Bb3 d6 8. a3
O-O 9. Nc3 Na5 10. Ba2 c5 11. Bg5 Be6 12. Bxf6 Bxf6 13. Nd5 Nc6 14. b4 Rb8 15.
c3 Kh8 16. h3 Qd7 17. Nxf6 gxf6 18. Nh4 Rg8 19. Qf3 Bxh3 20. Qxf6+ Rg7 21. Kh2
Be6 22. bxc5 dxc5 23. Bd5 Qd8 24. Qxd8+ Nxd8 25. g3 f6 26. c4 bxc4 27. dxc4
Bxd5 28. cxd5 Rb2 29. Rac1 Rc7 30. Rb1 Rcb7 31. Rbc1 Rc7 32. Nf5 c4 33. Rc3 Rb3
34. Rfc1 Rxc3 35. Rxc3 Nb7 36. Kh3 Kg8 37. Kg4 Kf8 38. Kh5 Ke8 39. Kh6 Kf8 40.
f3 Kg8 41. f4 Na5 42. Nd6 Kf8 43. Nf5 Nb7 44. fxe5 fxe5 45. g4 Na5 46. g5 Rb7
47. Rf3 Rf7 48. g6 hxg6 49. Kxg6 Rc7 50. d6 Rd7 51. Rh3 1-0

[Event "International Championship of Central Serbia 2015 - OPEN A"]
[Site "Paracin"]
[Date "2015.07.10"]
[Round "9.12"]
[White "Vavulin, Maksim"]
[Black "Brankovic, Dejan"]
[Result "0-1"]
[WhiteElo "2445"]
[BlackElo "2322"]
[PlyCount "152"]
[EventDate "2015.07.03"]

1. e4 c5 2. Nf3 Nc6 3. d4 cxd4 4. Nxd4 g6 5. Nc3 Bg7 6. Be3 Nf6 7. Bc4 d6 8. f3
Qb6 9. Nf5 Qxb2 10. Nxg7+ Kf8 11. Nd5 Nxd5 12. Qxd5 Qxa1+ 13. Kf2 Qxg7 14. Bh6
Be6 15. Bxg7+ Kxg7 16. Qb5 Bxc4 17. Qxc4 Rac8 18. Rd1 b6 19. Kg1 Na5 20. Qa6
Rc7 21. f4 Ra8 22. Qd3 Rac8 23. Rd2 Rc5 24. h3 Kg8 25. Re2 Rc3 26. Qa6 R8c7 27.
h4 h5 28. e5 dxe5 29. f5 f6 30. fxg6 Kg7 31. Qb5 Nc4 32. Qd5 Nd6 33. Qe6 R3c4
34. g3 Rg4 35. Kh2 Rxg6 36. Rd2 Rg4 37. Kh3 Rgc4 38. Rxd6 exd6 39. Qf5 Rg4 40.
Qxh5 Rg6 41. Qf3 d5 42. h5 Rg5 43. g4 Rc4 44. h6+ Kg6 45. h7 Kxh7 46. Qxf6
Rcxg4 47. Qf7+ Kh6 48. Qf6+ Kh7 49. Qf7+ Kh6 50. Qf6+ Kh5 51. Qf7+ Rg6 52. Qf5+
R4g5 53. Qf8 Rg3+ 54. Kh2 Rg2+ 55. Kh1 R2g5 56. Qh8+ Kg4 57. Kg2 Kf4+ 58. Kf2
Rg2+ 59. Ke1 d4 60. Kd1 Rg1+ 61. Kd2 R1g2+ 62. Kc1 Ke4 63. Qh4+ Ke3 64. Qe7 e4
65. Qxa7 Rc6 66. Qh7 Rcxc2+ 67. Kb1 Rb2+ 68. Ka1 Rbf2 69. Qh3+ Ke2 70. Qh5+ Rf3
71. Qb5+ Ke3 72. Qb3+ Kf4 73. Qf7+ Kg3 74. Qc7+ Kf2 75. Qxb6 Kg1 76. Qxd4+ e3
0-1

[Event "International Championship of Central Serbia 2015 - OPEN A"]
[Site "Paracin"]
[Date "2015.07.10"]
[Round "9.13"]
[White "Petrov, Vladimir Sergeev"]
[Black "Mohammad, Nubairshah Shaikh"]
[Result "1/2-1/2"]
[WhiteElo "2307"]
[BlackElo "2423"]
[PlyCount "95"]
[EventDate "2015.07.03"]

1. e4 c6 2. d4 d5 3. e5 c5 4. dxc5 e6 5. Qg4 h5 6. Qf4 Bxc5 7. Bd3 Nc6 8. Nf3
Nb4 9. Be3 Bxe3 10. Qxb4 Bh6 11. Nc3 Ne7 12. Nb5 O-O 13. O-O Nc6 14. Qe1 f6 15.
Nbd4 Nxd4 16. Nxd4 Bf4 17. Nf3 Qc7 18. Nh4 Qxe5 19. Ng6 Bxh2+ 20. Kh1 Qxe1 21.
Raxe1 Be5 22. Nxe5 fxe5 23. Rxe5 h4 24. f4 Bd7 25. Rh5 Kf7 26. Rxh4 Rh8 27.
Rxh8 Rxh8+ 28. Kg1 Kf6 29. Rf3 g5 30. fxg5+ Kxg5 31. Rf7 Rd8 32. c4 dxc4 33.
Bxc4 e5 34. Kf2 Bc6 35. Ke3 Rd4 36. Bd3 Rb4 37. b3 Kh6 38. Re7 a5 39. Re6+ Kg7
40. Rxe5 a4 41. Bc2 axb3 42. axb3 Rg4 43. Be4 Bxe4 44. Rxe4 Rg3+ 45. Kf4 Rxb3
46. g4 b5 47. g5 Rb1 48. Re7+ 1/2-1/2

[Event "International Championship of Central Serbia 2015 - OPEN A"]
[Site "Paracin"]
[Date "2015.07.10"]
[Round "9.14"]
[White "Strugnell, Carl"]
[Black "Nestorovic, Dejan"]
[Result "0-1"]
[WhiteElo "2275"]
[BlackElo "2408"]
[PlyCount "54"]
[EventDate "2015.07.03"]

1. e4 c5 2. Nf3 e6 3. Nc3 a6 4. d4 cxd4 5. Nxd4 Qc7 6. Bd3 Nf6 7. f4 d6 8. Qf3
Nbd7 9. g4 h6 10. Bd2 b5 11. O-O-O Bb7 12. a3 Nc5 13. b4 d5 14. Bxb5+ axb5 15.
Ndxb5 Qb6 16. Be3 Nfxe4 17. bxc5 Bxc5 18. Bxc5 Nxc5 19. Rd4 O-O 20. g5 hxg5 21.
fxg5 Ne4 22. a4 Rac8 23. Nxe4 dxe4 24. Qa3 Bd5 25. Re1 Rc5 26. c3 Rfc8 27. Re3
Rxb5 0-1

[Event "International Championship of Central Serbia 2015 - OPEN A"]
[Site "Paracin"]
[Date "2015.07.10"]
[Round "9.15"]
[White "Todorovic, Nenad I"]
[Black "Ratkovic, Miloje"]
[Result "0-1"]
[WhiteElo "2252"]
[BlackElo "2341"]
[PlyCount "80"]
[EventDate "2015.07.03"]

1. e4 c6 2. d4 d5 3. e5 Bf5 4. h4 h6 5. g4 Bd7 6. h5 c5 7. c3 Nc6 8. Bh3 e6 9.
Ne2 Qb6 10. O-O Rc8 11. Kh1 Qa6 12. f4 cxd4 13. cxd4 Nb4 14. Nbc3 Qd3 15. Qxd3
Nxd3 16. f5 Be7 17. Nf4 Nxf4 18. Bxf4 Rc4 19. Rad1 a6 20. Ne2 Bg5 21. Kg1 Rc2
22. Nc3 Rxb2 23. Bxg5 hxg5 24. Rb1 Rxb1 25. Rxb1 Bc6 26. Bg2 Nh6 27. Bf3 Ke7
28. Rf1 Rc8 29. Bd1 Bd7 30. f6+ gxf6 31. Rxf6 Rxc3 32. Rxh6 Rc1 33. Rh8 Rxd1+
34. Kg2 Bb5 35. h6 Bd3 36. Rb8 Be4+ 37. Kf2 Rh1 38. Rxb7+ Ke8 39. Rb8+ Kd7 40.
Rb7+ Kc6 0-1

[Event "International Championship of Central Serbia 2015 - OPEN A"]
[Site "Paracin"]
[Date "2015.07.10"]
[Round "9.16"]
[White "Pantelic, Sasa"]
[Black "Scripcaru, George-Daniel"]
[Result "1/2-1/2"]
[WhiteElo "2324"]
[BlackElo "2115"]
[PlyCount "108"]
[EventDate "2015.07.03"]

1. d4 d5 2. c4 dxc4 3. Nc3 Nc6 4. Nf3 Nf6 5. d5 Na5 6. e4 c6 7. Bg5 h6 8. Bh4
g5 9. Bg3 Bg7 10. dxc6 Qb6 11. cxb7 Bxb7 12. Qc2 Qb4 13. Nd2 O-O 14. Be2 Nc6
15. Bxc4 Nd4 16. Qc1 Nxe4 17. a3 Qa5 18. Ndxe4 Bxe4 19. O-O Bg6 20. Nd5 Qd8 21.
b3 Rc8 22. Qd1 e6 23. Ne3 Qb6 24. Ng4 Rfd8 25. Be5 Nc2 26. Qf3 Nxa1 27. Nf6+
Kh8 28. Bxa1 Rd4 29. Bxd4 Qxd4 30. Ng4 Bh5 31. h3 f5 32. Qb7 Rxc4 33. bxc4 fxg4
34. Qc8+ Kh7 35. Qxe6 gxh3 36. Qxh3 Bg6 37. Qb3 Qc5 38. Rd1 Bf7 39. Rd7 Be6 40.
Rb7 Kg6 41. Rb5 Qxc4 42. Qb1+ Kh5 43. Rb4 Qd5 44. f3 Bd4+ 45. Kh1 Bf2 46. g4+
Bxg4 47. Rxg4 Qxf3+ 48. Rg2 Bb6 49. Qe1 Kg6 50. Qe6+ Kg7 51. Qe7+ Kh8 52. Qe8+
Kg7 53. Qe7+ Kg6 54. Qe6+ Kg7 1/2-1/2

[Event "International Championship of Central S"]
[Site "Paracin"]
[Date "2015.07.10"]
[Round "9.18"]
[White "Besedes, Danilo"]
[Black "Budimir, Boris"]
[Result "1-0"]
[WhiteElo "2307"]
[BlackElo "2236"]
[PlyCount "109"]
[EventDate "2015.07.03"]

1. d4 Nf6 2. Nc3 d6 3. e4 e5 4. Nf3 Nbd7 5. Bc4 Be7 6. O-O O-O 7. h3 c6 8. a4
a5 9. Re1 h6 10. Ba2 exd4 11. Nxd4 Nc5 12. Bf4 Ne6 13. Bg3 Nxd4 14. Qxd4 Ne8
15. Rad1 Be6 16. Bxe6 fxe6 17. e5 d5 18. Qg4 Qc8 19. Ne2 Nc7 20. Nf4 Rf5 21. h4
Qf8 22. c4 Qf7 23. cxd5 cxd5 24. Rc1 Na6 25. Ne2 Bc5 26. Nd4 h5 27. Qd1 Bxd4
28. Qxd4 Qd7 29. Qb6 Rff8 30. Qxa5 Rfc8 31. Qb6 Rxc1 32. Rxc1 Rc8 33. Rxc8+
Qxc8 34. b4 Kf7 35. b5 Nc5 36. a5 Na4 37. Qa7 Kg6 38. Kh2 Nc5 39. Qb6 d4 40.
Qd6 d3 41. Bf4 Kf7 42. Be3 Qd7 43. Qxc5 d2 44. Bxd2 Qxd2 45. a6 bxa6 46. bxa6
Qa2 47. a7 Kg6 48. Qe3 Qa4 49. Qg5+ Kf7 50. Qxh5+ Kg8 51. Qg6 Qxa7 52. Qxe6+
Kh8 53. Qc8+ Kh7 54. Qf5+ Kg8 55. e6 1-0

[Event "International Championship of Central Serbia 2015 - OPEN A"]
[Site "Paracin"]
[Date "2015.07.10"]
[Round "9.19"]
[White "Radovanovic, Mihajlo"]
[Black "Marjanovics, Annamaria"]
[Result "1-0"]
[WhiteElo "2245"]
[BlackElo "2277"]
[PlyCount "35"]
[EventDate "2015.07.03"]

1. Nf3 Nf6 2. c4 e6 3. g3 a6 4. e3 d5 5. b3 Be7 6. Bg2 O-O 7. O-O Nbd7 8. Bb2
b6 9. Nc3 Bb7 10. d4 c5 11. cxd5 Nxd5 12. Nxd5 Bxd5 13. Qe2 Be4 14. Bh3 cxd4
15. Nxd4 Nc5 16. Rfd1 Qb8 17. Qg4 f5 18. Nxf5 1-0

[Event "International Championship of Central Serbia 2015 - OPEN A"]
[Site "Paracin"]
[Date "2015.07.10"]
[Round "9.20"]
[White "Petrov, Martin"]
[Black "Jovanovic, Sasa T"]
[Result "0-1"]
[WhiteElo "2276"]
[BlackElo "2211"]
[PlyCount "100"]
[EventDate "2015.07.03"]

1. e4 e5 2. Nf3 Nc6 3. Bc4 Nf6 4. Ng5 Bc5 5. Bxf7+ Ke7 6. Bd5 Qe8 7. d3 d6 8.
h3 Rf8 9. Bxc6 bxc6 10. Qe2 Nh5 11. Be3 Bxe3 12. Qxe3 h6 13. Nf3 Nf4 14. Kf1
Qh5 15. Nbd2 c5 16. Ng1 Bd7 17. g3 Ne6 18. c3 Rf6 19. Qe2 Qg6 20. Qe3 Raf8 21.
Rh2 Qh5 22. Qe2 Qg6 23. Qe3 Qf5 24. h4 Qg4 25. Re1 Qh5 26. Qe2 Qf7 27. Nc4 Bb5
28. Rd1 Bxc4 29. dxc4 Qg6 30. Rd3 a5 31. Nf3 Qg4 32. Ne1 Qg6 33. Nc2 Kd8 34.
Rg2 Qh7 35. Re3 g5 36. h5 Qf7 37. Rh2 g4 38. Ne1 Ng5 39. Rd3 Nh3 40. Rd2 Qxh5
41. Nd3 Ke7 42. b4 Rf3 43. bxc5 Rxg3 44. cxd6+ cxd6 45. Rh1 Qg5 46. c5 Re3 47.
cxd6+ Kd8 48. Qd1 Rxd3 49. Ke1 Rxf2 50. Rxd3 Rxa2 0-1

[Event "International Championship of Central Serbia 2015 - OPEN A"]
[Site "Paracin"]
[Date "2015.07.10"]
[Round "9.21"]
[White "Vujacic, Borivoje"]
[Black "Velikic, Adela"]
[Result "1-0"]
[WhiteElo "2262"]
[BlackElo "2128"]
[PlyCount "114"]
[EventDate "2015.07.03"]

1. e4 c5 2. Nf3 d6 3. d4 cxd4 4. Nxd4 Nf6 5. Nc3 Nc6 6. Be2 g6 7. Nb3 Bg7 8.
O-O O-O 9. Re1 a6 10. Bf1 Bg4 11. f3 Be6 12. Kh1 Rc8 13. Bg5 Nd7 14. Qd2 Re8
15. Bh6 Bh8 16. f4 b5 17. Rab1 Nb6 18. Qf2 Bc4 19. f5 Ne5 20. h3 Nbd7 21. Nd5
Bxd5 22. exd5 Qb6 23. Be3 Qb7 24. Rbd1 Nf6 25. c3 Nxd5 26. Bd4 Bf6 27. Nd2 Nd7
28. Ne4 Bxd4 29. Rxd4 N5f6 30. Bd3 Qb6 31. Qh4 Nxe4 32. Rdxe4 Ne5 33. Bc2 Kg7
34. Rf4 Qd8 35. Bb3 f6 36. Qg3 Rc5 37. Rh4 Rh8 38. Qe3 g5 39. Re4 Qd7 40. Be6
Qb7 41. h4 h6 42. Qe2 Qb8 43. Re3 Qe8 44. Kg1 Kf8 45. b4 Rc7 46. a4 Rh7 47.
axb5 axb5 48. Bd5 gxh4 49. Rh3 Qd8 50. Qxb5 Rc8 51. Ra1 Rb8 52. Qe2 Qc8 53. Be6
Qc7 54. Qe3 Ng4 55. Qd4 h5 56. Rxh4 Rh8 57. Ra7 Qd8 1-0

[Event "International Championship of Central Serbia 2015 - OPEN A"]
[Site "Paracin"]
[Date "2015.07.10"]
[Round "9.22"]
[White "Popovic, Aleksandar M"]
[Black "Radeva, Viktoria"]
[Result "1/2-1/2"]
[WhiteElo "2246"]
[BlackElo "2042"]
[PlyCount "41"]
[EventDate "2015.07.03"]

1. e4 c6 2. Nc3 d5 3. exd5 cxd5 4. Nf3 Bg4 5. Be2 Nc6 6. d4 e6 7. O-O Nf6 8.
Be3 Bxf3 9. Bxf3 Be7 10. Nb1 O-O 11. c3 Rc8 12. Nd2 Qd7 13. Bg5 h6 14. Bxf6
Bxf6 15. Re1 Rfd8 16. Nf1 a6 17. Ng3 Na5 18. a3 Nc4 19. Rb1 b5 20. Qe2 Bg5 21.
Nf1 1/2-1/2

[Event "International Championship of Central Serbia 2015 - OPEN A"]
[Site "Paracin"]
[Date "2015.07.10"]
[Round "9.23"]
[White "Ratkovic, Milovan"]
[Black "Dogan, Nazmi Can"]
[Result "1-0"]
[WhiteElo "2385"]
[BlackElo "2182"]
[PlyCount "47"]
[EventDate "2015.07.03"]

1. d4 Nf6 2. Bf4 g6 3. Nc3 d5 4. Qd2 Bg7 5. Bh6 Bxh6 6. Qxh6 c5 7. dxc5 Qa5 8.
O-O-O Qxc5 9. Nf3 Nc6 10. e4 dxe4 11. Nd2 Bf5 12. Nb3 Qe5 13. h3 Bd7 14. Qe3
O-O 15. Nc5 Bc8 16. Bc4 b6 17. N5xe4 Nxe4 18. Qxe4 Bf5 19. Qxe5 Nxe5 20. Bd5
Rad8 21. Rhe1 Nd7 22. Rxe7 g5 23. Bb3 h5 24. Rd5 1-0

[Event "International Championship of Central Serbia 2015 - OPEN A"]
[Site "Paracin"]
[Date "2015.07.10"]
[Round "9.24"]
[White "Kinsiz, Onur"]
[Black "Todorovic, Bojan"]
[Result "0-1"]
[WhiteElo "2253"]
[BlackElo "2361"]
[PlyCount "110"]
[EventDate "2015.07.03"]

1. e4 e5 2. Nf3 Nc6 3. Bc4 Be7 4. d3 Nf6 5. c3 O-O 6. Nbd2 d5 7. exd5 Nxd5 8.
O-O Nb6 9. Bb5 Bd6 10. Bxc6 bxc6 11. Re1 Qf6 12. Ne4 Qg6 13. Ng3 Re8 14. Nh4
Qg4 15. Qxg4 Bxg4 16. Nhf5 Bf8 17. Ne3 Be6 18. Nc2 Bd7 19. f4 exf4 20. Bxf4 Na4
21. Bxc7 Nxb2 22. d4 Na4 23. Ba5 c5 24. d5 Nb6 25. Red1 Bd6 26. Na3 Be5 27. Ne4
Bf4 28. Re1 Nxd5 29. Nc4 Ne3 30. Nxe3 Rxe4 31. Nd5 Rxe1+ 32. Rxe1 Bg5 33. Bc7
Be6 34. c4 Rc8 35. Bd6 h5 36. g3 Rc6 37. Be7 Bh6 38. Rb1 Ra6 39. Rb2 Ra4 40.
Rc2 Bf5 41. Rf2 Bb1 42. Nc3 Rxc4 43. Nxb1 Be3 44. Kg2 Bxf2 45. Kxf2 Rc2+ 46.
Kf3 c4 47. Na3 Rxh2 48. Nxc4 Rxa2 49. Bd8 f6 50. Ne3 Kf7 51. Bc7 Ke6 52. Ke4 a5
53. Bb6 g5 54. Bc5 h4 55. gxh4 gxh4 0-1